MDQL
is popping MORE tags! Check the
thread
!
Quizzes
Events
Quiz Creation
Community
Videos
Private Events
Remove Ads
Sign In
Join for FREE
Feedback
Dark Mode
Quiz Categories
Sports
Geography
Music
Movies
Television
Just For Fun
Miscellaneous
History
Literature
Language
Science
Gaming
Entertainment
Religion
Holiday
For Kids
Quiz Lab
Recent
Popular Today
Quiz Kudos Today
Editor Picks
Curator Picks
Quizzes by...
Day
Popularity
Type
Ratings
Length
Year
Community
Subscriptions
Recent Discussions
Orange Saloon
Badges
Playlists
Quests
Create
Leaderboards
Showdown
Live 5
Trivia Bingo
Activity
Puzzle Library
Sporcle Events
Private Events
Virtual Trivia
Globe League
Become a Host
Pub Owners
SporcleCon
Opinionation
Our Games
Videos
Blog
Mobile Apps
Partnerships
Remove Ads and Go Orange
Feedback
Just For Fun
Clickable
Get the Picture
Humor
Quick Pick
Word Ladder
Missing Word
Mixed Word
Blitz
Minefield
This or That
Alphabet
Color
Typing
Sporcle
Puzzle
Word Play
Follow That Line
Logic
Just For Fun
Clickable
Get the Picture
Humor
Quick Pick
Word Ladder
Missing Word
Mixed Word
Blitz
Minefield
This or That
Alphabet
Color
Typing
Sporcle
Puzzle
Word Play
Follow That Line
Logic
Random Quiz
Search Sporcle
×
Quiz Lab
Quiz Lab
Just For Fun
glamour
Type in answers that appear in a list
Type in answers that appear in a list
Classic
Best Score? Go Orange.
Sexiest Men Of 2015 according to GLAMOUR Stats
Can you name the sexiest men of 2015 according to GLAMOUR
By
katieheron27
10m
50 Questions
170 Plays
170 Plays
170 Plays
Comments
Comments
Give Quiz Kudos
Give Quiz Kudos
-
- Ratings
hide this ad
Replay
Link that replays current quiz
Next Quiz
Link to next quiz in quiz playlist
You Got
0%
They Got
Avg Score
60%
Avg Friend Score
Upgrade to see
Score Distribution
Jump to the score distribution portion of the page
Score
0/50
Timer
10:00
0
Plays Today
Hint
Answer
% Correct
Pirates Of The Caribbean Actor
Johnny Depp
95.9%
Twilight Actor
Robert Pattinson
93.5%
Thor Actor
Chris Hemsworth
91.8%
Titanic Actor
Leonardo DiCaprio
91.8%
One Direction Member
Harry Styles
91.2%
Hunger Games Actor
Liam Hemsworth
90.6%
Pirates Of The Caribbean Actor
Orlando Bloom
88.8%
Sherlock Actor
Benedict Cumberbatch
88.2%
Ex-
One Direction Member
Zayn Malik
87.6%
Harry Potter Actor
Daniel Radcliffe
87.1%
Coldplay member
Chris Martin
85.9%
Silver Linings Playbook Actor
Bradley Cooper
84.1%
The Notebook Actor
Ryan Gosling
81.2%
Ex-
Footballer
David Beckham
78.2%
Guardians Of The Galaxy Actor
Chris Pratt
78.2%
Loki In Marvel
Tom Hiddleston
77.1%
Captain American Actor
Chris Evans
77.1%
Step Up Actor
Channing Tatum
75.9%
Five Shades of Grey Actor
Jamie Dornan
72.9%
Dallas Buyers Club Actor
Jared Leto
72.9%
Man Of Steel Actor
Henry Cavill
72.4%
Hunger Games Actor
Josh Hutcherson
72.4%
One Direction Member
Niall Horan
71.8%
Vampire Diaries Actor
Ian Somerhalder
70.6%
Luther Actor
Idris Elba
70.6%
Hint
Answer
% Correct
Bad Neighbours Actor
Zac Efron
70.6%
'Happy' Singer
Pharrell
68.8%
Was Doctor Who
Matt Smith
65.9%
Canadian Rapper
Drake
63.5%
Divergent Actor
Theo James
62.4%
Vampire Diaries Actor
Paul Wesley
54.1%
PS I love You Actor
Gerard Butler
51.2%
Sherlock Holmes Actor
Robert Downey Jr
49.4%
Magneto in X-
Men
Michael Fassbender
48.2%
Professor Charles Xavier in X-
Men
James McAvoy
46.5%
Game Of Thrones Actor
Kit Harington
45.3%
Eric Northman In True Blood
Alexander Skarsgard
41.8%
Sons Of Anarchy Actor
Charlie Hunnam
37.1%
F1 Racer
Lewis Hamilton
36.5%
The Killers Member
Brandon Flowers
31.2%
Arctic Monkeys Member
Alex Turner
30.6%
The Mortal Instruments Actor
Jamie Campbell Bower
27.6%
Chuck Actor
Matt Bomer
26.5%
Model
David Gandy
24.7%
Thorin Oakenshield Actor
Richard Armitage
22.9%
Hunger Games Actor
Sam Claflin
20%
True Detective Actor
Colin Farrell
20%
The Host Actor
Max Irons
14.1%
Night At the Museum: Secret of the Tomb Actor
Dan Stevens
11.8%
Model
Oliver Cheshire
4.7%
Quiz Playlist
Details
Report
Send in Message
Add To Playlist
Classic:
Type in answers that appear in a list
Last Updated: Feb 16, 2017
Quiz Scoreboard
CHALLENGE
Sign Up to Join the Scoreboard
Show All
Scores
Hide
Comments
May contain spoilers
Recently Published
Image Sorting: Flags VI
by Barbecue
Geography
2m
Find the 'City' Movie
by crazypaving
Movies
60s
Colored Red Africa Blitz
by spor1
Geography
45s
More to Explore
Quiz From the Vault
Featured Blog Post
14 Easter Pick-up Lines to Find Eggs With
hide this ad
You Might Also Like...
Tags
2015
glamour
men
Sexiest
Today's Top Quizzes in Just For Fun
Browse Just For Fun
hide this ad
Top Contributed Quizzes in Just For Fun
1
Name Just One - 10 to 1: Just For Fun
2
Missing Word: 2-Letter A-Z II
3
Avatar the Last Airbender: Logic Puzzle
4
Missing Letter Whitney Houston Songs
5
It's Magic / Witchcraft 🎩🪄🧙♀️
6
Survivor Winners Logic Puzzle
7
Missing Word: 'Of' Things A-Z
8
Killer Double Trees 224 - Colour Match-Up
9
Click the Differences: Playground
10
Missing Word: 'Of' Things A-Z II
Explore More
Trending Topics
NBA
Crossword
Anime
Marvel
Disney
Kpop
Harry Potter
Country
Song
Soccer
NFL
WWE
Puzzle
Pokémon
The Office
hide this ad
More By:
katieheron27
Quiz
Plays
Rating
Category
Featured
Created
Characters that have been in pretty little liars
494
1.00
Television
May 3, 2015
Sexiest Men Of 2015 according to GLAMOUR
170
3.00
Just For Fun
May 3, 2015
Go to Creator's Profile
Score Distribution
Quiz Creator Spotlight
katieheron27
Follow
Send a Message
Quizzes Created
-
Created Quiz Play Count
-
More By This Creator
Popular Quizzes Today
1
Colored Red Africa Blitz
2
Find the US States - No Outlines Minefield
3
Find the 'City' Movie
4
5x2 Blitz: Bands
5
The Countries of the World
6
Find the US States
7
Find the Countries of Europe - No Outlines Minefield
8
US States
More Just For Fun Quizzes
Fruits & Vegetables Crossword Puzzle
Quiz Lab
Trending Quizzes
Colored Red Europe Blitz I
Colored Red Europe Blitz II
Colored Red Africa Blitz II
Colored Red Europe Blitz III
Colored Red Africa Blitz III
Recently Updated
How Do You Spell That?
pecheneg
Godzilla Movies
pecheneg
Grab Bag: 4-10 Letters
pecheneg
2024 March Madness Bracket
pecheneg
Famous TV Couples
Peacemaker
Champions League XIs: Real Madrid
pecheneg
Largest US Cities 1790-2010
pecheneg
Rides in Walt Disney World
pecheneg
Most Oscar Losses (Acting)
pecheneg
Beyoncé Albums
pecheneg
Trending Topics
Anime
Disney
Crossword
Kpop
NBA
Harry Potter
Marvel
Pokémon
The Office
Country
Song
Soccer
NFL
WWE
Puzzle
Your Account Isn't Verified!
In order to create a playlist on Sporcle, you need to verify the email address you used during registration. Go to your
Sporcle Settings
to finish the process.
Report this User
Report this user for behavior that violates our
Community Guidelines
.
Details:
Send Report
Go to the Sporcle.com Mobile Site →
Comments